000 00706nam a22002297a 4500
005 20170124110254.0
010 _a458465
020 _c00.00
_a0117009253
035 _a458465
037 _bCen Lib/Ret
040 _aDPL
_bEN
082 _a941
_bBRI
110 _aLondon.Central Office of Information
_997697
245 _aBritain
_ban official handbook /
260 _aLondon
_bCentral Office of Information
_c1967
270 _bLondon
300 _a558p. :
_c21cm(Hb)
_bill.
500 _aIncludes bibliographical references and index
650 _aGreat Britain -- Economic conditions.
_997698
650 _aGreat Britain -- Statistics.
_997699
942 _2ddc
_cEN
_h941
_mBRI
999 _c136117
_d136117